| 000 | 01161nam a2200205Ii 4500 | ||
|---|---|---|---|
| 003 | JO-AjNU | ||
| 008 | 230605s9999||||xx |||||||||||||| ||und|| | ||
| 017 | _a2016/8/4040 | ||
| 040 |
_aJO-AjNU _bara _erda _cJO-AjNU |
||
| 041 | _aara | ||
| 050 | 1 | 4 | _aDS154.53.W37 2017 |
| 100 | 3 |
_aعبدالله بن الحسين ملك الاردن، 1921-1951؛ إشراف محمد عدنان البخيت؛ جمع وإعداد هند غسان أبو الشعر؛ المتابعة والتنسيق باسل غازي الجغامين, _eauthor _956967 |
|
| 245 | 0 | 0 | _aالوثائق الهاشمية: أوراق عبدالله بن الحسين:العلاقات الاردنية - اللبنانية ما بين 1937-1951، مج 11 |
| 264 | 3 | 1 | _aالجامعة الاردنية: مركز الوثائق والمخطوطات ودراسات بلاد الشام، 2017 |
| 300 |
_aمج11، 215ص _bالكشافات ص 191-207 ؛ الملاحق ص 210-215 |
||
| 336 |
_atext _btxt _2rdacontent |
||
| 337 |
_aunmediated _bn _2rdamedia |
||
| 338 |
_avolume _bnc _2rdacarrier |
||
| 650 | 4 |
_aالاردن - تاريخ - عبدالله بن الحسين الاول - وثائق _956968 |
|
| 999 |
_aA25501 _c29069 _d29069 |
||